000 00628nam a2200229Ia 4500
003 OSt
005 20221007080042.0
006 a|||||r|||| 00| 0
007 ta
008 221006b |||||||| |||| 00| 0 eng d
024 _a15,822
037 _cTextual
040 _aFLL
_cFLL
_beng
041 _2eng
_aeng
082 _aX72:2.N7, L2
100 _aChawla O.P. Au.
_9694555
245 0 _aPersonal taxation in india 1947-1970
260 _aNew Delhi
_bSomaiya publications pvt. ltd. India
_c1972
300 _a242p
_ccm.
942 _hX72:2.N7, L2
_cTEXL
_2CC
999 _c1158223
_d1158223